| 000 | 00759nam a2200229 i 4500 | ||
|---|---|---|---|
| 001 | 82219 | ||
| 003 | ES-MaACL | ||
| 005 | 20240529101713.0 | ||
| 007 | t| | ||
| 008 | 041201s2003 sp ||||1| spa d | ||
| 020 | _a84-9742-138-8 | ||
| 080 | _a821.134.2-7"18" | ||
| 100 | 1 |
_aLarra, Mariano José de, _d1809-1837 _970287 |
|
| 245 | 1 | 3 |
_aEl pobrecito hablador / _cMariano José de Larra ; edición de Mª del Pilar Palomo. |
| 260 |
_aMadrid : _bBiblioteca Nueva, _c[2003] |
||
| 300 |
_a316 p. ; _c18 cm. |
||
| 490 | 1 |
_aClásicos de Biblioteca Nueva ; _v45 |
|
| 700 | 1 |
_aPalomo, María del Pilar, _d1933- _9144616 |
|
| 830 | 0 |
_aClásicos de Biblioteca Nueva ; _v45 _9180373 |
|
| 852 |
_aES-MaACL _jL-28556 _bR.134371 |
||
| 999 |
_c82219 _d82219 |
||